• 首页
  • 本馆介绍
  • 公告通知
  • 最新文献
  • 馆藏检索
  • 电子资源
  • 读者导购
  • 参考咨询
  • 我的图书馆
  • 登录
  • 详细信息显示
  • 放入我的书架
  • 预约/预借图书
  • 作者相关作品
  • 分类相关作品
  • 丛书相关作品
  • 出版社相关作品

书目信息

  • 表格格式
  • 工作单格式
  • 卡片格式
题名:
党政领导干部公开选拔和竞争上岗复习全书
    
 
作者: 肖玉辉 主编
分册: 上册  
出版信息: 北京   中国人事出版社  2006
页数: 506页
开本: 26cm
丛书名:
单 册:
中图分类: D262.3 , D630.3
科图分类:
主题词: 国家行政机关--领导人员--中国--考核--自学参考资料 , 国家行政机关 , 领导人员
电子资源:
ISBN: 7-80139-754-1
000 01323nam0 2200325 450
001 003106299
005 20070807083223.34
010    @a7-80139-754-1@dCNY120.00(上下册)
100    @a20060210d2006 em y0chiy0110 ea
101 0  @achi
102    @aCN@b110000
105    @ay zq 000yy
200 1  @a党政领导干部公开选拔和竞争上岗复习全书@9dang zheng ling dao gan bu gong kai xuan ba he jing zheng shang gang fu xi quan shu@e2007@h上册@f萧玉辉主编
205    @a修订版
210    @a北京@c中国人事出版社@d2006
215    @a506页@d26cm
300    @a中共中央组织部《党政领导干部公开选拔和竞争上岗考试大纲》配套指定教材
330    @a本书共上、下两册,分为公共科目考试、专业科目考试以及面试三大部分。各章均由命题情况、复习建议、考点解析和综合训练组成,介绍了各种题型的命题特点和解题技巧。
516 1  @a2006党政领导干部公开选拔和竞争上岗复习全书@92006 dang zheng ling dao gan bu gong kai xuan ba he jing zheng shang gang fu xi quan shu
517 1  @a2007
601 02 @a中国共产党
601 02 @a中国共产党@x领导人员@x考核@j自学参考资料
606 0  @a国家行政机关@x领导人员@y中国@x考核@j自学参考资料
606 0  @a国家行政机关
606 0  @a领导人员
690    @aD262.3@v4
690    @aD630.3@v4
701  0 @a肖玉辉@9xiao yu hui@c(党政工作)@4主编
801  0 @aCN@bNLC@c20070807
905    @a10447@dD262.3@e226:1=2
    
    党政领导干部公开选拔和竞争上岗复习全书:2007.上册/萧玉辉主编.-修订版.-北京:中国人事出版社,2006
    506页;26cm
    中共中央组织部《党政领导干部公开选拔和竞争上岗考试大纲》配套指定教材
    
    ISBN 7-80139-754-1:CNY120.00(上下册)
    本书共上、下两册,分为公共科目考试、专业科目考试以及面试三大部分。各章均由命题情况、复习建议、考点解析和综合训练组成,介绍了各种题型的命题特点和解题技巧。
●
相关链接 在E读中查询图书 在五车中查询图书 在当当中查询图书 在豆瓣中查询图书


正题名:党政领导干部公开选拔和竞争上岗复习全书     索取号:D262.3/226:1=2         预约/预借

序号 登录号 条形码 馆藏地/架位号 状态 备注
1 0802630   208026303   第一样本阅览室/ [索取号:D262.3/226:1=2] 在馆    
2 0802631   208026312   第一借阅区/ [索取号:D262.3/226:1=2] 在馆    
3 0802632   208026321   第一借阅区/ [索取号:D262.3/226:1=2] 在馆    
4 0802633   208026330   第一借阅区/ [索取号:D262.3/226:1=2] 在馆    
5 0802634   208026349   第一借阅区/ [索取号:D262.3/226:1=2] 在馆    
6 0802635   208026358   第一借阅区/ [索取号:D262.3/226:1=2] 在馆    
7 0802636   208026367   第一借阅区/ [索取号:D262.3/226:1=2] 在馆    
8 0802637   208026376   第一借阅区/ [索取号:D262.3/226:1=2] 在馆    
9 0802638   208026385   第一借阅区/ [索取号:D262.3/226:1=2] 在馆    
10 0802639   208026394   第一借阅区/ [索取号:D262.3/226:1=2] 在馆    
唐山师范学院图书馆 欢迎您!
大连网信软件有限公司© 版权所有